000 00518nam a2200193Ia 4500
005 20240807010221.0
008 240331s9999 xx 000 0 und d
020 _a0198278535
082 _bGOO
_a392
100 _aGood, A
245 4 _aThe female bridegroom :
_ba comparative study of life-crisis rituals in South India and Sri Lanka
260 _aNew york
_bOxford University press
_c1991
300 _axii, 281 p .,
650 _aFemale
650 _aGender
650 _aRituals
650 _aSex
942 _cL
999 _c2984
_d2984